| 000 | 00579nam a2200157 4500 | ||
|---|---|---|---|
| 999 |
_c8777 _d8777 |
||
| 008 | 180221b xxu||||| |||| 00| 0 eng d | ||
| 022 | _a0091-4169 | ||
| 082 | _aDPer 364.05 J82 2015, v. 105 n. 2 | ||
| 100 |
_926702 _aFoster, Holly. |
||
| 245 |
_aMaternal and paternal imprisonment and children's social exclusion in young adulthood/ _cHolly Foster and John Hagan. |
||
| 260 |
_aEvanston: _bNorthwestern University Press, _c©2016. |
||
| 300 |
_av106 n.1, pages 387-430; _c25 cm. |
||
| 650 | 0 |
_926704 _aPrisons. |
|
| 700 |
_926703 _aHagan, John. _eAuthor. |
||
| 942 |
_2ddc _cPER |
||